Silvopastoreo (Registro nro. 1324)
[ vista simple ]
| 000 -CABECERA | |
|---|---|
| Campo de control | 01481cam a2200253 a 4500 |
| 005 - FECHA Y HORA DE LA ULTIMA TRANSACCION | |
| Campo de control | 20150925104701.0 |
| 008 - ELEMENTOS DE LONGITUD FIJA—INFORMACION GENERAL | |
| Campo de control | 990611n00000000ck aco 1 spa d |
| 040 ## - FUENTE DE CATALOGACIÓN | |
| Agencia catalogadora original | CO-BoPUJ |
| Agencia transcriptora | CO-BoIAVH |
| Agencia Modificadora | CO-BoIAVH |
| 041 0# - IDIOMA | |
| Código de idioma para texto/pista de sonido o título separado | Español |
| 044 ## - PAÍS DE PUBLICACIÓN | |
| País de publicación | Colombia |
| 082 04 - NUMERO DE CLASIFICACION DECIMAL DEWEY | |
| Número de clasificación | 634.99 |
| Número del ítem | S35s |
| 111 2# - ASIENTO PRINCIPAL--NOMBRE DE REUNION | |
| Nombre de reunión o de jurisdicción como elemento de entrada | Seminario internacional sistemas silvopastoriles casos exitosos y su potencial en Colombia |
| Lugar de la reunión | Santa Fede Bogotá |
| Fecha de la reunión | Noviembre 27-29 y Dieciembre 1 de 1995 |
| 9 (RLIN) | 39768 |
| 245 #0 - MENCION DE TITULO | |
| Título | Silvopastoreo |
| Parte restante del título | alternativa para mejorar la sostenibilidad y competitividad de la ganadería colombiana, memorias |
| Mención de responsabilidad | Seminarios internacionales sobre sistemas silvopastoriles ; compilador Alvaro Uribe Calad |
| 260 ## - PUBLICACION, DISTRIBUCION, ETC. (PIE DE IMPRENTA) | |
| Lugar de publicación, distribución, etc. | Santa Fe de Bogotá (Colombia): |
| Nombre del editor, distribuidor, etc. | Corporación Colombiana de Investigaciones Agropecuaria, |
| Fecha de publicación, distribución, etc. | . |
| 300 ## - DESCRIPCION FISICA | |
| Extensión | 294 páginas : |
| Otros detalles físicos | ilustraciones (algunas a color) y tablas ; |
| Dimensiones | 23 cm. |
| 650 24 - ASIENTO SECUNDARIO DE MATERIA - TERMINO TEMATICO | |
| Término temático o nombre geográfico como elemento de entrada | Tierras de pastoreo |
| Subdivisión geográfica | Colombia |
| Subdivisión de forma | Congresos |
| 9 (RLIN) | 39769 |
| 650 24 - ASIENTO SECUNDARIO DE MATERIA - TERMINO TEMATICO | |
| Término temático o nombre geográfico como elemento de entrada | Desarrollo sostenible |
| Subdivisión geográfica | Colombia |
| Subdivisión de forma | Congresos |
| 9 (RLIN) | 39770 |
| 650 24 - ASIENTO SECUNDARIO DE MATERIA - TERMINO TEMATICO | |
| Término temático o nombre geográfico como elemento de entrada | Industrias agropecuarias |
| Subdivisión geográfica | Colombia |
| Subdivisión de forma | Congresos |
| 9 (RLIN) | 39771 |
| 700 1# - ASIENTO SECUNDARIO - NOMBRE PERSONAL | |
| Nombre personal | Uribe Calad, Alvaro Francisco |
| Término de relación | Compilador |
| 9 (RLIN) | 11725 |
| 710 2# - ASIENTO SECUNDARIO - NOMBRE CORPORATIVO | |
| Nombre corporativo o de jurisdicción como elemento de entrada | Plan de Modernización Tecnológica de la Ganadería Bovina Colombiana |
| 9 (RLIN) | 39772 |
| 710 2# - ASIENTO SECUNDARIO - NOMBRE CORPORATIVO | |
| Nombre corporativo o de jurisdicción como elemento de entrada | Corporación Colombiana de Investigación Agropecuaria. Corpoica |
| 9 (RLIN) | 19874 |
| 711 2# - ASIENTO SECUNDARIO - NOMBRE DE REUNION | |
| Nombre de la reunión o nombre de la jurisdicción como elemento de entrada | Seminario internacional de sistemas silvopastoriles : alternativa para una ganadería moderna y competitiva |
| Lugar de la reunión | Valledupar, Neiva y Villavicencio |
| Fecha de la reunión o firma del tratado | 1996 |
| 9 (RLIN) | 39773 |
| 942 ## - ELEMENTOS ADICIONALES (KOHA) | |
| Sistema de clasificación | Dewey Decimal Classification |
| Tipo de ítem | Libro |
| Withdrawn status | Lost status | Sistema de Clasificación | Damaged status | No para préstamo | Colección | Inventariado | Ubicación Permanente | Ubicación actual | Fecha de adquisición | Fuente de Valor | Valor | Total Checkouts | Número topográfico | Inventario / Código de Barras | Date last seen | Ejemplar | Price effective from | Forma de adquisición | Tipo de material |
|---|---|---|---|---|---|---|---|---|---|---|---|---|---|---|---|---|---|---|---|
| Dewey Decimal Classification | General | Inventariado 2017 | Bogotá | Bogotá | 05/07/1999 | Instituto | 39000.00 | LB-634.99 S35s | 001775 | 04/12/2012 | Ej. 1 | 04/12/2012 | Libro |